| 000 | 01321nam0a22003251 4500 | ||
|---|---|---|---|
| 001 | rc\4239990 | ||
| 005 | 20260406153313.0 | ||
| 021 |
_aRU _b[67-92723] |
||
| 035 | _a(NLR Aleph) 008469593 | ||
| 090 |
_a7921070 _c7921070 |
||
| 100 | _a20130416d1968 |||y0rusy50 ca | ||
| 101 | 1 |
_arus _cmol |
|
| 102 | _aRU | ||
| 105 | _aa j ||||| | ||
| 200 | 1 |
_aАрифметика _eУчебник для V класса _e[Пер. с молд.] _fПод ред. Н.Х. Спатару _gМ-во нар. образования МССР. Науч.-исслед. ин-т педагогики |
|
| 205 | _a5-е изд. | ||
| 210 |
_aКишинев _cЛумина _d1968 |
||
| 215 |
_a464 с. _cил. _d20 |
||
| 300 | _aНа обороте тит. л. авт.: Волков И.Ф., Нешков К.И., Парно И.К. и др. | ||
| 606 |
_aАрифметика _jУчебники и пособия _2psbo |
||
| 701 | 1 |
_aНешков _bК.И. |
|
| 701 | 1 |
_aПарно _bИ.К. |
|
| 701 | 1 |
_aВолков _bИ.Ф. _gИван Федорович |
|
| 702 | 1 |
_aСпатару _bН.Х. _gНадежда Христофоровна _4340 |
|
| 712 | 0 | 2 |
_aНИИ педагогики _cКишинев _3RU\NLR\AUTH\889928702 _9352978 |
| 801 | 0 |
_aRU _bNLR _gpsbo |
|
| 801 | 1 |
_aRU _bELAR _2rusmarc |
|
| 852 |
_aNLR _j67-3/6454 |
||
| 942 | _cBOOK | ||
| 980 | _aNB | ||